000 01550nam0a22003011 4500
001 rc\2813607
005 20250806210859.0
035 _a(NLR Aleph) 006939407
090 _a37744
_c37744
100 _a20110915d1945 u y0rusy50 ca
101 0 _arus
102 _aRU
105 _aac z |||||
200 1 _aДвадцать пять лет Советской Удмуртии. (1920-1945)
_e[Сборник]
_fСоставители: И. Ф. Кутявин, А. Н. Вахрушев, Н. Н. Латышев и др.
_g[Отв. ред. И. Ф. Кутявин]
_g[Удмурт. науч.-иссл. ин-т истории, языка и лит-ры при Совнаркоме Удмурт. АССР]
210 _aИжевск
_cУдмуртгосиздат
_d1945
_gтип. Упр. изд-в и полиграфии
215 _a210 с., 4 л. портр.
_cил.
_d23 см.
300 _aНа обороте тит. л. указаны составители: И. Ф. Кутявин, А. Н. Вахрушев, Н. Н. Латышев и др.
702 1 _aВахрушев
_bА.Н.
_4220
702 1 _aЛатышев
_bН.Н.
_4220
702 1 _aКутявин
_bИ.Ф.
_4220
_4340
712 0 2 _aУдмуртский НИИ истории, языка, литературы и фольклора
_cИжевск
_3RU\NLR\AUTH\889929002
801 0 _aRU
_bNLR
_gpsbo
801 1 _aRU
_bELAR
_2rusmarc
852 _aNLR
_jИр90 Г-5/4
942 _cBOOK
945 _aРоссийская национальная библиотека
980 _aNB
980 _aBV